00688nam a2200217 4500003000400000005001700004008004100021040001800062041000800080050001600088245007700104264005200181300001600233336002200249337002400271338002400295650003200319710008700351942001500438999001700453OSt20260530113909.0260420b1983 mx a|||| |||| 00| 0 spa d aICIbspacICI aspa aNK1390bC83 aCuadernos de diseño /bDepartamento de Diseño Industrial y Gráfico a[México] :bUniversidad Iberoamericana,c1983 av. ;c19 cm 2rdacontentatexto 2rdamediaasin medio 2rdacarrieravolumen0 aDiseño industrial.91521821aUniversidad IberoamericanabDepartamento de Diseño Industrial y Gráfico933231 2lccn0cBK c12086d12086